UBT Library

Huaja hipotekore dhe pasuritë e paluajtshme / (Record no. 264)

000 -LEADER
fixed length control field 00569nam a22002057a 4500
008 - FIXED-LENGTH DATA ELEMENTS--GENERAL INFORMATION
fixed length control field 131111b xxu||||| |||| 00| 0 alb d
020 ## - INTERNATIONAL STANDARD BOOK NUMBER
International Standard Book Number 9789994340446
041 0# - LANGUAGE CODE
Language code of text/sound track or separate title alb
080 ## - UNIVERSAL DECIMAL CLASSIFICATION NUMBER
Universal Decimal Classification number 336.33
Common auxiliary subdivision (091)
100 1# - Rafti
Rafti Kripa, Dorina
100 1# - Rafti
-- 1977
245 10 - TITLE STATEMENT
Title Huaja hipotekore dhe pasuritë e paluajtshme /
Statement of responsibility, etc Dorina Kripa.
260 ## -
-- Tirane :
-- Pegi ;
-- 2006.
300 ## -
-- 204 f. :
-- 21 cm.
500 ## -
-- Parathënie : f. [IV] - [V]
505 ## -
-- Literatura : f. [205]-[207]
650 ## -
-- Huatë
650 ## -
-- Pasuria e patundëshme
650 ## -
-- Pengjet
942 ## - ADDED ENTRY ELEMENTS (KOHA)
Source of classification or shelving scheme
Item type Books
Holdings
Withdrawn status Lost status Source of classification or shelving scheme Damaged status Not for loan Collection code Permanent location Current location Shelving location Date acquired Total Checkouts Full call number Barcode Date last seen Koha item type
          Koleksioni i përgjithshem UBT - Prishtine UBT - Prishtine Koleksioni i përgjithshem 11/11/2013   336.33 (091) KRI 001-000310 11/11/2013 Books
UBT Library © 2015-2024. All rights reserved University Education for Business and Technology